MARC

LEADER 00000nam$a2200000$$$4500
001 0128487
005 20240502072453.9
041 0 |a slo 
044 |a SK 
245 1 0 |a Analýza podnikateľského prostredia a bariér absorpčnej schopnosti regiónov  |b záverečná správa za rok 2005  |c zodpovedný riešiteľ Milan Buček 
264 1 |a Bratislava  |c 2005 
300 |a [60] s. 
610 2 0 |a prostredie podnikateľské 
610 2 0 |a podnik malý 
610 2 0 |a podnik stredný 
610 2 0 |a regióny 
610 2 0 |a rozvoj regionálny 
610 2 0 |a Slovensko 
610 2 0 |a Európska únia 
610 2 0 |a podnikanie 
100 1 |a Buček, Milan 
700 1 |a Tvrdoň, Jozef 
700 1 |a Ivaničková, Alžbeta 
700 1 |a Šikula, Milan 
700 1 |a Slimák, Dušan 
700 1 |a Švantnerová, Ľubica 
700 1 |a Vlčková, Viera 
700 1 |a Sekerešová, Eva, 1975- 
700 1 |a Kožiak, Radoslav 
700 1 |a Džupka, Peter 
700 1 |a Urbančíková, Nataša 
700 1 |a Šipikal, Miroslav, 1976- 
700 1 |a Delina, Radoslav 
700 1 |a Pástor, Rudolf 
700 1 |a Žárska, Elena, 1955- 
700 1 |a Mišúnová, Ema 
700 1 |a Čapková, Soňa 
700 1 |a Rehák, Štefan, 1974- 
700 1 |a Šebová, Miriam 
700 1 |a Šebo, Juraj 
700 1 |a Antal, Milan 
700 1 |a Hamalová, Marta 
700 1 |a Harazinová, Martina 
700 1 |a Papánková, Stanislava 
700 1 |a Ťapák, Peter 
700 1 |a Dúbrava, Juraj 
700 1 |a Šimková, Helena 
700 1 |a Bílá, Alena 
700 1 |a Jasaňová, Katarína 
700 1 |a Krnáč, Jozef 
700 1 |a Blahútová, Jana 
700 1 |a Verčeková, Jana 
710 2 |a Ekonomická univerzita v Bratislave